La Cultura y el deporte / conferencia pronunciada por Manuel Ayxelá Tarrats

por Ayxelá Tarrats, Manuel

Publicado: Barcelona : Casa provincial de Caridad, Impr. - Escuela , 1954
Descripción Física: 14 p. ; 24 cm
Materias: Esport ; Cultura

MARC

LEADER 00000nam a2200000Ia 4500
001 14778
008 160829s1954 xx 000 0 cat d
080 |a FU-30-21 
100 |a Ayxelá Tarrats, Manuel  |9 29986 
245 |a La Cultura y el deporte / conferencia pronunciada por Manuel Ayxelá Tarrats 
260 |a Barcelona :  |b Casa provincial de Caridad, Impr. - Escuela,  |c 1954 
300 |a 14 p. ;  |c 24 cm 
590 |a Hi ha un duplicat a: DUP-339 
650 |a Esport   |9 29987 
650 |a Cultura  |9 10468 
856 4 |u https://media.diba.cat/diba/fitxers/arxiu/fulletons/bib_14778_baixa.pdf  |y Accés lliure 
856 4 |u https://media.diba.cat/diba/fitxers/arxiu/fulletons/bib_14778_baixa.pdf  |y Accés lliure 
901 |a Arxiu 
942 |n 1  |2 udc 
952 |0 0  |1 0  |4 0  |6 FU3021  |7 1  |9 45199  |a Arxiu  |b Arxiu  |d 2016-12-01  |l 0  |o FU-30-21  |p 14778  |r 2016-12-01 00:00:00  |w 2016-12-01  |y ARXIU 
999 |c 48271  |d 48271 
900 |a bib_14778_baixa.pdf